| 000 | 01622nam0a2200373 4500 | ||
|---|---|---|---|
| 001 | RU\NLR\BIBL_A\011713409 | ||
| 005 | 20180625142128.0 | ||
| 010 |
_a978-5-521-00970-1 _92000 |
||
| 010 | _a978-5-521-00969-5 | ||
| 021 |
_aRU _bКН-П-18-031093 _9КН-П-18-2263 |
||
| 035 | _a(NLR Aleph) 011713409 | ||
| 035 | _a(RuMoRGB)009616096 | ||
| 090 |
_a11445270 _c11445269 |
||
| 100 | _a20180525d2018 a y0rusy50 ca | ||
| 101 | 0 | _arus | |
| 102 | _aRU | ||
| 105 | _aach|zzzz0|1zd | ||
| 200 | 1 |
_aИстория службы государственной безопасности _eот Александра I до Сталина _fОлег Хлобустов |
|
| 210 |
_aСанкт-Петербург _cПальмира _d2018 |
||
| 215 |
_a363, [2] с., [4] л. ил.. портр., факс. _d22 |
||
| 320 | _aБиблиогр. в подстроч. примеч. | ||
| 333 | _a12+ | ||
| 517 | 1 | _aОт Александра I до Сталина | |
| 606 | 1 |
_aОрганы государственной безопасности _xИстория _92369761 _3RU\NLR\AUTH\6601636344 |
|
| 686 | 1 | _aЦ68,5(0)-1 | |
| 686 | 1 | _aХ2(2)0-523 | |
| 700 | 1 |
_aХлобустов _bО. М. _f1953- _gОлег Максимович |
|
| 702 | 0 |
_4570 _7ca _8rus _aАлександр _cимператор российский _dI _f1777-1825 _9115306 _3RU\NLR\AUTH\775342 |
|
| 702 | 1 |
_4570 _7ca _8rus _aСталин _bИ. В. _f1879-1953 _gИосиф Виссарионович _9113460 _3RU\NLR\AUTH\773464 |
|
| 942 | _cBOOK | ||
| 980 | _aNBR | ||
| 980 | _aNB | ||